| 000 -LEADER |
| fixed length control field |
01664cam a2200385 a 4500 |
| 001 - CONTROL NUMBER |
| control field |
14720377 |
| 005 - DATE AND TIME OF LATEST TRANSACTION |
| control field |
20170105102931.0 |
| 008 - FIXED-LENGTH DATA ELEMENTS--GENERAL INFORMATION |
| fixed length control field |
070201s2003 sz af b 001 0 eng |
| 010 ## - LIBRARY OF CONGRESS CONTROL NUMBER |
| LC control number |
2007366325 |
| 020 ## - INTERNATIONAL STANDARD BOOK NUMBER |
| International Standard Book Number |
0333747712 |
| 035 ## - SYSTEM CONTROL NUMBER |
| System control number |
(CStRLIN)NJRGA2330656-B |
| 040 ## - CATALOGING SOURCE |
| Original cataloging agency |
NLM |
| Transcribing agency |
NLM |
| Modifying agency |
NFP |
| -- |
DGU |
| -- |
NjR |
| -- |
DLC |
| 041 1# - LANGUAGE CODE |
| Language code of text/sound track or separate title |
eng |
| Language code of original |
fre |
| 042 ## - AUTHENTICATION CODE |
| Authentication code |
nlmcopyc |
| -- |
lccopycat |
| 050 00 - LIBRARY OF CONGRESS CALL NUMBER |
| Classification number |
HV568 |
| Item number |
.B8313 2003 |
| 060 00 - NATIONAL LIBRARY OF MEDICINE CALL NUMBER |
| Classification number |
2004 L-917 |
| 082 00 - DEWEY DECIMAL CLASSIFICATION NUMBER |
| Classification number |
362.87/577 |
| Edition number |
22 |
| Author Mark |
BUG 2003 |
| 100 1# - MAIN ENTRY--PERSONAL NAME |
| Personal name |
Bugnion, François. |
| 240 10 - UNIFORM TITLE |
| Uniform title |
Comité international de la Croix-Rouge et la protection des victimes de la guerre. |
| Language of a work |
English |
| 245 14 - TITLE STATEMENT |
| Title |
The International Committee of the Red Cross and the protection of war victims / |
| Statement of responsibility, etc. |
Franc̦ois Bugnion ; foreword by Cornelio Sommaruga ; translated from the French by Patricia Colberg, Edward Markee, and Nicolas Sommer. |
| 246 30 - VARYING FORM OF TITLE |
| Title proper/short title |
Protection of war victims |
| 260 ## - PUBLICATION, DISTRIBUTION, ETC. |
| Place of publication, distribution, etc. |
[Geneva] : |
| Name of publisher, distributor, etc. |
International Committee of the Red Cross ; |
| Place of publication, distribution, etc. |
Oxford : |
| Name of publisher, distributor, etc. |
Macmillan Education, |
| Date of publication, distribution, etc. |
2003. |
| 300 ## - PHYSICAL DESCRIPTION |
| Extent |
lxviii, 1161 p., [32] p. of plates : |
| Other physical details |
ill. ; |
| Dimensions |
24 cm. |
| 504 ## - BIBLIOGRAPHY, ETC. NOTE |
| Bibliography, etc. note |
Includes bibliographical references (p. 1071-1120) and indexes. |
| 610 20 - SUBJECT ADDED ENTRY--CORPORATE NAME |
| Corporate name or jurisdiction name as entry element |
International Committee of the Red Cross |
| General subdivision |
History. |
| 650 #0 - SUBJECT ADDED ENTRY--TOPICAL TERM |
| Topical term or geographic name entry element |
War relief |
| General subdivision |
History. |
| 650 #0 - SUBJECT ADDED ENTRY--TOPICAL TERM |
| Topical term or geographic name entry element |
War victims |
| General subdivision |
Legal status, laws, etc. |
| 650 #0 - SUBJECT ADDED ENTRY--TOPICAL TERM |
| Topical term or geographic name entry element |
War |
| General subdivision |
Relief of sick and wounded. |
| 650 #0 - SUBJECT ADDED ENTRY--TOPICAL TERM |
| Topical term or geographic name entry element |
War |
| General subdivision |
Protection of civilians. |
| 710 2# - ADDED ENTRY--CORPORATE NAME |
| Corporate name or jurisdiction name as entry element |
International Committee of the Red Cross. |
| 906 ## - LOCAL DATA ELEMENT F, LDF (RLIN) |
| a |
7 |
| b |
cbc |
| c |
copycat |
| d |
2 |
| e |
ncip |
| f |
20 |
| g |
y-gencatlg |
| 942 ## - ADDED ENTRY ELEMENTS (KOHA) |
| Source of classification or shelving scheme |
|
| Koha item type |
Book |